| 000 | 00648nam a2200193 4500 | ||
|---|---|---|---|
| 999 |
_c168940 _d168940 |
||
| 005 | 20191031164902.0 | ||
| 010 | _aENG-126770 | ||
| 020 |
_a9789386806147 _c1495.00 |
||
| 035 | _aEN-110302 | ||
| 037 | _bDBAD/PUB | ||
| 082 | _a305.512 | ||
| 100 | _aUsha Kiran | ||
| 245 |
_aImpact of Ambedkar movement on dalits / _cby Usha Kiran |
||
| 260 |
_aNew Delhi _bIshwar Books _c2018 |
||
| 270 |
_aB-29, Arya Nagar CGHS Ltd., Plot No-91, I.P.Extension _bPatparganj, New Delhi _e110092 _mishwarbooks@gmail.co, |
||
| 300 |
_a288p. _c24cm(Hb) |
||
| 500 | _aIncludes bibliographical references and index | ||
| 942 |
_2ddc _cEN _h305.512 _mUSH |
||